00575nam a2200157Ia 4500008004100000020001800041050001900059082002200078100003200100245006200132260002300194300001100217650007600228952009600304999001700400121101s9999 xx 000 0 und d a968-24-0102-X aLC191 J55 1999 a370.193 J61s 1999 aJiménez-Ottalengo, Regina aSociología de la educacion / Regina Jiménez-Ottalengo aMéxico : Trillas a179 p. a1. SOCIOLOGÍA DE LA EDUCACIÓN 2. EDUCACIÓN - ASPECTOS SOCIALESÌ 00104070a12b12d2008-11-28l0oLC191 J55 1999p12 000402r2015-04-22t1w2012-11-01yLB c86679d86679